| 000 | 01015nam a2200193 a 4500 | ||
|---|---|---|---|
| 008 | 120416s1974 ||||||||||||||||| || u | ||
| 050 | _aHC 59.7 Cai | ||
| 100 | _aCaiden, Naomi | ||
| 245 | 1 | 0 | _aPlanning and budgeting in poor countries |
| 260 |
_aNew York _bWilley _c1974 |
||
| 300 | _axviii, 371p. : ill | ||
| 350 | _a0.00 | ||
| 650 | _aBUDGET PLANNING | ||
| 650 | _aPLANNING | ||
| 995 |
_aTEXTBOOKS (SB) _D0.00 _e01197 _FCBU-SCHOOL TEXTBOOK COLLECTIONS _H1 _I0.00 _jSCHOOL TEXTBOOK _M4 _UAVAILABLE _WSep 17, 2009 _y01197 _ZSchool Collections |
||
| 995 |
_aMAIN LIBRARY OPEN ACCESS _D0.00 _e707544 _FCBU-MAIN LIBRARY (Kitwe) _H2 _I0.00 _jHC 59.7 Cai _M1 _UAVAILABLE _y002054 _ZMain Library Open Access Collection |
||
| 995 |
_aMAIN LIBRARY OPEN ACCESS _D0.00 _e707543 _FCBU-MAIN LIBRARY (Kitwe) _H1 _I0.00 _jHC 59.7 Cai _M2 _UAVAILABLE _y002055 _ZMain Library Open Access Collection |
||
| 995 |
_aTEXTBOOKS (SB) _D0.00 _e01196 _FCBU-SCHOOL TEXTBOOK COLLECTIONS _H1 _I0.00 _jSCHOOL TEXTBOOK _M3 _UAVAILABLE _WSep 17, 2009 _y01196 _ZSchool Collections |
||
| 999 |
_c81933 _d81933 |
||